Fourgon arrière - Statistiques

Statistiques générales
  • Ce quiz a été pris 4 fois
  • Le résultat moyen est 18 sur 19
Statistiques - réponses
Emplacement Matériel % Correct
10x coussin absorbant
100%
1x aspirateur
100%
Tiroir: 1x canne aspirateur
100%
1x coude 55
100%
1x echelle à crochet
100%
1x echelle pliable
100%
1x gaffe
100%
1x gant hydrocarbure
100%
Trappe: 1x levier dégarnissage
100%
1x manche maxi-croc
100%
1x perche echelle
100%
1x pompe immersion
100%
1x tuyau 55 noir
100%
1x tuyau refoulement aspirateur
100%
2x cuissarde
100%
Niv 00 2x sangle
100%
Niv 02: 4x bache paquet 1
100%
1x tuyau aspiration
50%
Niv 01: 2x racloir
0%
Aucun quiz correspondant
Distribution des résultats
% des personnes avec chaque résultat
Percentile par nombre de réponses
Votre historique - résultats
Vous n’avez pas pris ce quiz